Catálogo público

Portraits of Women working with Maize in Mexico / (Record no. 217613)

MARC details
000 -CABECERA
campo de control de longitud fija 01049nam a22002417a 4500
005 - FECHA Y HORA DE LA ÚLTIMA TRANSACCIÓN
campo de control 20220826093559.0
008 - DATOS DE LONGITUD FIJA--INFORMACIÓN GENERAL
campo de control de longitud fija 220823n |||a|||| |||| 00| 0 eng d
040 ## - FUENTE DE LA CATALOGACIÓN
Centro/agencia transcriptor Chap
Normas de descripción rda
082 ## - NÚMERO DE LA CLASIFICACIÓN DECIMAL DEWEY
Número de clasificación 630.82
Número de documento/Ítem R43y
245 ## - MENCIÓN DE TÍTULO
Título Portraits of Women working with Maize in Mexico /
Mención de responsabilidad, etc. Fotos y textos Peter Lowe; transcripciones de entrevistas Martha Francisca Ortiz Zarate; corrección de estilo Guillermo Ríos Bonilla.
264 ## - PRODUCCIÓN, PUBLICACIÓN, DISTRIBUCIÓN, FABRICACIÓN Y COPYRIGHT
Producción, publicación, distribución, fabricación y copyright [México] :
Nombre del de productor, editor, distribuidor, fabricante CVC Impresos,
Fecha de producción, publicación, distribución, fabricación o copyright [Fecha desconocida].
300 ## - DESCRIPCIÓN FÍSICA
Extensión 72 páginas
Otras características físicas fotografías
336 ## - TIPO DE CONTENIDO
Término de tipo de contenido texto
Código de tipo de contenido txt
Fuente rdacontenido
337 ## - TIPO DE MEDIO
Nombre/término del tipo de medio sinmedio
Código del tipo de medio n
Fuente rdamedia
338 ## - TIPO DE SOPORTE
Nombre/término del tipo de soporte volumen
Código del tipo de soporte nc
Fuente rdacarrier
500 ## - NOTA GENERAL
Nota general También disponible en español: Retratos de mujeres que trabajan el maíz en México.
650 #0 - PUNTO DE ACCESO ADICIONAL DE MATERIA--TÉRMINO DE MATERIA
9 (RLIN) 185429
Término de materia o nombre geográfico como elemento de entrada Mujeres en la agricultura
Subdivisión general Vida social y costumbres
Subdivisión geográfica México
650 #0 - PUNTO DE ACCESO ADICIONAL DE MATERIA--TÉRMINO DE MATERIA
9 (RLIN) 185430
Término de materia o nombre geográfico como elemento de entrada Mujeres en la agricultura
Subdivisión geográfica México
Subdivisión general Anécdotas
700 ## - PUNTO DE ACCESO ADICIONAL--NOMBRE DE PERSONA
9 (RLIN) 185468
Nombre de persona Lowe, Peter
700 ## - PUNTO DE ACCESO ADICIONAL--NOMBRE DE PERSONA
9 (RLIN) 185469
Nombre de persona Ortiz Zarate, Martha Francisca
700 ## - PUNTO DE ACCESO ADICIONAL--NOMBRE DE PERSONA
9 (RLIN) 185470
Nombre de persona Ríos Bonilla, Guillermo
942 ## - ELEMENTOS DE PUNTO DE ACCESO ADICIONAL (KOHA)
Fuente del sistema de clasificación o colocación Dewey Decimal Classification
Tipo de ítem Koha Libro
Holdings
Estado de retiro Estado de pérdida Fuente del sistema de clasificación o colocación Estado dañado Restricciones de uso No para préstamo Código de colección Localización permanente Ubicación/localización actual Ubicación en estantería Fecha de adquisición Total de préstamos Signatura topográfica completa Código de barras Fecha visto por última vez Precio válido a partir de Tipo de ítem Koha
    Dewey Decimal Classification   Préstamo 15 días   General Biblioteca Central Biblioteca Central Planta principal - Colección General 23/08/2022   630.82 R43y 33724002563842 23/08/2022 23/08/2022 Libro